000 00213nam a22000857a 4500
008 160817b xxu||||| |||| 00| 0 eng d
100 _9154
_aOm kidz
245 _a365 Stories for Boys
260 _aNew Delhi
_bOm kidz
_c2012
999 _c2812
_d2812